000 00227nam a22000857a 4500
008 160624b xxu||||| |||| 00| 0 eng d
100 _91052
_aLeppard, S.M
245 _aThe Miss Kitty Mystery
260 _aMinnesata
_bBethaN.Y House
_c1997
999 _c838
_d838